[Event "Sicilia Regional-ch"]
[Site "Marsala"]
[Date "2011.06.05"]
[Round "5"]
[White "Alcide, Fabio"]
[Black "La Bella, Noemi"]
[Result "1-0"]
[WhiteElo "1637"]
[BlackElo "1431"]
[PlyCount "55"]
[EventDate "2011.06.01"]
[EventType "swiss"]
[EventRounds "7"]
[EventCountry "ITA"]
[SourceTitle "EXT 2023"]
[Source "ChessBase"]
[SourceDate "2022.10.05"]
[SourceVersion "1"]
[SourceVersionDate "2022.10.05"]
[SourceQuality "1"]

1. e4 e5 2. f4 Nc6 3. fxe5 Nxe5 4. d4 Ng6 5. Nf3 d5 6. e5 f6 7. Bd3 N6e7 8. Qe2 Bg4 9. 0-0 fxe5 10. dxe5 Qd7 11. h3 Bxf3 12. Qxf3 0-0-0 13. Bg5 g6 14. Qxf8 Qe6 15. Qf4 h6 16. Bxe7 Nxe7 17. Qg4 Qxg4 18. hxg4 Rhe8 19. Nd2 Nc6 20. Bxg6 Rxe5 21. Rae1 Rg5 22. Bf5+ Kb8 23. Nf3 Rgg8 24. Re6 Rh8 25. Rfe1 a6 26. Kf2 Nb4 27. a3 Nxc2 28. Bxc2 1-0

[Event "Sicilia Regional-ch"]
[Site "Marsala"]
[Date "2011.06.02"]
[Round "2"]
[White "Alcide, Fabio"]
[Black "Meo, Antonino"]
[Result "1-0"]
[WhiteElo "1637"]
[BlackElo "1599"]
[PlyCount "32"]
[EventDate "2011.06.01"]
[EventType "swiss"]
[EventRounds "7"]
[EventCountry "ITA"]
[SourceTitle "EXT 2023"]
[Source "ChessBase"]
[SourceDate "2022.10.05"]
[SourceVersion "1"]
[SourceVersionDate "2022.10.05"]
[SourceQuality "1"]

1. e4 e5 2. Nf3 Nc6 3. d4 exd4 4. Nxd4 Nf6 5. Nxc6 bxc6 6. Bd3 d5 7. exd5 cxd5 8. 0-0 Bd6 9. Bg5 0-0 10. Kh1 Rb8 11. Qc1 Bb7 12. Nd2 Bxh2 13. Bxf6 Qxf6 14. Kxh2 Qh4+ 15. Kg1 d4 16. f3 Rfe8 1-0

[Event "Sicilia Regional-ch"]
[Site "Marsala"]
[Date "2011.06.01"]
[Round "1"]
[White "Alcide, Fabio"]
[Black "Bentivegna, Francesco"]
[Result "0-1"]
[WhiteElo "1637"]
[BlackElo "2317"]
[PlyCount "88"]
[EventDate "2011.06.01"]
[EventType "swiss"]
[EventRounds "7"]
[EventCountry "ITA"]
[SourceTitle "EXT 2023"]
[Source "ChessBase"]
[SourceDate "2022.10.05"]
[SourceVersion "1"]
[SourceVersionDate "2022.10.05"]
[SourceQuality "1"]

1. e4 d5 2. exd5 Nf6 3. Nc3 Nxd5 4. Bc4 Nb6 5. Bb3 c5 6. d3 Nc6 7. Be3 e6 8. Nf3 Be7 9. Qe2 0-0 10. 0-0 Nd5 11. Rad1 Nxe3 12. fxe3 Qc7 13. Ne4 Na5 14. Ba4 a6 15. c3 f5 16. Ng3 Bd6 17. Qf2 b5 18. Bc2 Bb7 19. e4 fxe4 20. Nxe4 Bxe4 21. dxe4 Bxh2+ 22. Kh1 Bg3 23. Qe2 Qf4 24. Ng1 Qh6+ 25. Nh3 Nc4 26. Bb3 Ne3 27. Rxf8+ Rxf8 28. Bxe6+ Kh8 29. Qf3 g6 30. Qxg3 Nxd1 31. Kg1 Qe3+ 32. Qxe3 Nxe3 33. Nf2 Rd8 34. Bd5 Nxd5 35. exd5 Rxd5 36. Ne4 Kg7 37. Kf2 h5 38. g3 g5 39. Ke3 Kg6 40. Nf2 Kf5 41. Ke2 c4 42. Ke3 Re5+ 43. Kf3 g4+ 44. Kg2 Re2 0-1